00535 2200193 4500001002100000005001500021035002000036245008800056100002200144300002600166260003600192082000800228084001400236020002200250600001900272990001700291990001700308990001600325INLIS00000000000149320260603085829 a0010-06260000041 aSeni Berbicara Ilmu dan Teknik Berbicara Cerdas di Depan Publik /cBalqis Khayyirah0 aKhayyirah, Balqis a176 hlm ;c14 X 21 cm aYogyakarta :bDIVA Press,c2023 a808 a808 KHA s a978-623-189-360-7 4aSeni Berbicara a4858/PP/2026 a4859/PP/2026 a4860PP/2026